书目信息 |
| 题名: |
排球运动的素质训练和技战法
|
|
| 作者: | 温金河 编著 | |
| 分册: | ||
| 出版信息: | 郑州 黄河水利出版社 2012 |
|
| 页数: | 154页 | |
| 开本: | 26cm | |
| 丛书名: | ||
| 单 册: | ||
| 中图分类: | G842.2 , G842.19 | |
| 科图分类: | ||
| 主题词: | 排球运动--运动训练 , 排球运动--运动技术 | |
| 电子资源: | ||
| ISBN: | 978-7-5509-0276-3 | |
| 000 | 00991nam0 2200289 450 | |
| 001 | 1537620986 | |
| 005 | 20150706102750.60 | |
| 010 | @a978-7-5509-0276-3@dCNY26.00 | |
| 049 | @aA210100SYT@bUCS01005563398@c012004607088 | |
| 090 | @aG842@bwjh | |
| 096 | @aG842@bwjh | |
| 100 | @a20120926d2012 em y0chiy50 ea | |
| 101 | 0 | @achi |
| 102 | @aCN@b410000 | |
| 105 | @aa z 000yy | |
| 106 | @ar | |
| 200 | 1 | @a排球运动的素质训练和技战法@Apai qiu yun dong de su zhi xun lian he ji zhan fa@b专著@f温金河编著 |
| 210 | @a郑州@c黄河水利出版社@d2012 | |
| 215 | @a154页@c图@d26cm | |
| 330 | @a本书首先讲述了排球运动的起源、特点和发展趋势,接着讲述了排球运动的体能训练及各种素质训练方法、排球运动的技战术,最后阐述了排球运动的研究方法。 | |
| 606 | 0 | @a排球运动@x运动训练 |
| 606 | 0 | @a排球运动@x运动技术 |
| 690 | @aG842.2@v5 | |
| 690 | @aG842.19@v5 | |
| 701 | 0 | @a温金河@f(1968~)@Awen jin he@4编著 |
| 801 | 0 | @aCN@b110120@c20120822 |
| 905 | @a213230@dG842.2@et30 | |
| 排球运动的素质训练和技战法/温金河编著 .-郑州:黄河水利出版社,2012 |
| 154页:图;26cm |
| ISBN 978-7-5509-0276-3:CNY26.00 |
| 本书首先讲述了排球运动的起源、特点和发展趋势,接着讲述了排球运动的体能训练及各种素质训练方法、排球运动的技战术,最后阐述了排球运动的研究方法。 |
| ● |
| 相关链接 |
|
|
|
|
正题名:排球运动的素质训练和技战法
索取号:G842.2/t30
 
预约/预借
| 序号 | 登录号 | 条形码 | 馆藏地/架位号 | 状态 | 备注 |
| 1 | 6940023 | 269400230 | 密集书库-体育系/ [索取号:G842.2/t30] | 在馆 | |
| 2 | 6940024 | 269400249 | 密集书库-体育系/ [索取号:G842.2/t30] | 在馆 |